000 00477nmm a2200169Ia 4500
008 251105s9999||||xx |||||||||||||||||und||
020 _a9788433998378
041 _aspa
100 _aCaparrós, Martín
245 0 _aLa Historia
264 _a[Madrid, España] :
_bEditorial Anagrama,
_c2017
300 _a1024 páginas
490 _aNarrativas hispánicas
650 _aLatin American narrative
856 _uhttps://public.digitaliapublishing.com/a/49051
942 _cCF
999 _c82012
_d82012